Sistema delle prove e interventi del giudice

Detalles Bibliográficos
Autor principal: Vergine, Francesco
Formato: eBook
Lenguaje:italiano
Publicado: Bari : Cacucci Editore, 2008
Materias:
Acceso en línea:http://www.vlex.com/source/7270

MARC

LEADER 00000nam a22000007a 4500
005 20130226170619.0
007 cr|||| ||||
008 130226e2008 it |||||s|||| 00||0 ita d
020 |a 9788884228062 
035 |a 7270 
040 |a vLex 
090 |c 3772  |d 3772 
100 1 0 |a Vergine, Francesco 
245 1 0 |a Sistema delle prove e interventi del giudice  |h [Recurso electrn̤ico] 
256 |a Servicio en ln̕ea 
260 |a Bari :  |b Cacucci Editore,   |c 2008  
300 |a 1 Recurso electrn̤ico 
650 0 4 |a Procedimiento penal  |z Italia 
740 |a vLex Libros (Servicio en ln̕ea) 
856 |a Acceso restringido  |u http://www.vlex.com/source/7270 
942 |c BOOK 
999 0 |a Criminal procedure